| 000 | 00000nam 2200000za 4500 |
| 001 | 9.677442 |
| 003 | CaOODSP |
| 005 | 20221107134425 |
| 007 | cr ||||||||||| |
| 008 | 150407s2014 xxc|||||o f|0| 0 fre d |
| 020 | |a978-0-660-23155-6 |
| 040 | |aCaOODSP|bfre |
| 043 | |an-cn--- |
| 086 | 1 |aIu23-12/2015F-PDF |
| 110 | 1 |aCanada. |bBureau de la consommation. |
| 245 | 10|aResponsabilité sociale des entreprises (RSE) |h[ressource électronique] : |bguide de mise en Ĺ“uvre à l'intention des entreprises canadiennes (2014). |
| 260 | |a[Ottawa] : |bIndustrie Canada, |c[2014]. |
| 300 | |a86 p. : |btableaux, figs. |
| 500 | |aPublié aussi en anglais sous le titre : Corporate social responsibility (CSR): an implementation guide for Canadian business (2014). |
| 504 | |aComprend des références bibliographiques. |
| 692 | 07|2gccst|aEntreprise |
| 775 | 08|tCorporate social responsibility (CSR) |w(CaOODSP)9.629847 |
| 856 | 40|qPDF|s1.43 Mo|uhttps://publications.gc.ca/collections/collection_2016/isde-ised/Iu23-12-2015-fra.pdf |